<?xml version="1.0" encoding="UTF-8"?>
<record
    xmlns:xsi="http://www.w3.org/2001/XMLSchema-instance"
    xsi:schemaLocation="http://www.loc.gov/MARC21/slim http://www.loc.gov/standards/marcxml/schema/MARC21slim.xsd"
    xmlns="http://www.loc.gov/MARC21/slim">

  <leader>01130nam a22002417a 4500</leader>
  <controlfield tag="003">BI-BuBU</controlfield>
  <controlfield tag="008">240903b2022    fre    fr|||| 000 0 fre d</controlfield>
  <datafield tag="037" ind1=" " ind2=" ">
    <subfield code="c">don de l'auteur</subfield>
  </datafield>
  <datafield tag="039" ind1=" " ind2=" ">
    <subfield code="a">20240903110552.0</subfield>
    <subfield code="b">Joella Nshimirimana</subfield>
  </datafield>
  <datafield tag="040" ind1=" " ind2=" ">
    <subfield code="a">BI-BuBU</subfield>
    <subfield code="b">fre</subfield>
    <subfield code="c">BI-BuBU</subfield>
    <subfield code="d">BI-BuBU</subfield>
  </datafield>
  <datafield tag="041" ind1=" " ind2="0">
    <subfield code="a">fre</subfield>
  </datafield>
  <datafield tag="080" ind1=" " ind2=" ">
    <subfield code="a">336.142.232</subfield>
  </datafield>
  <datafield tag="100" ind1="1" ind2=" ">
    <subfield code="4">aut.</subfield>
    <subfield code="a">Niyonahabonye, Alexis</subfield>
  </datafield>
  <datafield tag="245" ind1="1" ind2="0">
    <subfield code="a">Financement du d&#xE9;ficit budg&#xE9;taire dans un contexte d'union mon&#xE9;taire</subfield>
    <subfield code="b">Cas des pays de la Communaut&#xE9; de l'Afrique de l'Est ( 1990-2020 )</subfield>
    <subfield code="c">Alexis Niyonahabonye ; Fr&#xE9;deric Nimubona , directeur</subfield>
  </datafield>
  <datafield tag="260" ind1=" " ind2=" ">
    <subfield code="a">Bujumbura</subfield>
    <subfield code="b">Universit&#xE9; du Burundi, Facult&#xE9;s des sciences Economiques et de Gestion</subfield>
    <subfield code="c">2022</subfield>
  </datafield>
  <datafield tag="300" ind1=" " ind2=" ">
    <subfield code="a">XV-125 f.</subfield>
    <subfield code="c">30 cm.</subfield>
  </datafield>
  <datafield tag="500" ind1=" " ind2=" ">
    <subfield code="a">M&#xE9;moire pr&#xE9;sent&#xE9; et soutenu publiquement en vue de l'obtention du dipl&#xF4;me de master en Analyse &#xC9;conomique et D&#xE9;veloppement  International
Sp&#xE9;cialit&#xE9;: analyse &#xE9;conomique</subfield>
  </datafield>
  <datafield tag="650" ind1=" " ind2="7">
    <subfield code="2">BI-BuBU</subfield>
    <subfield code="a">D&#xE9;ficit budgetaire</subfield>
    <subfield code="x">Financement</subfield>
    <subfield code="z">Communaute de l'Arique de l'Est</subfield>
    <subfield code="y">1990-2020</subfield>
  </datafield>
  <datafield tag="655" ind1=" " ind2="7">
    <subfield code="2">BI-BuBU</subfield>
    <subfield code="a">M&#xE9;moire</subfield>
  </datafield>
  <datafield tag="700" ind1=" " ind2=" ">
    <subfield code="4">dir.</subfield>
    <subfield code="a">Nimubona, Frederic</subfield>
  </datafield>
  <datafield tag="942" ind1=" " ind2=" ">
    <subfield code="2">udc</subfield>
    <subfield code="c">MEM</subfield>
  </datafield>
  <datafield tag="999" ind1=" " ind2=" ">
    <subfield code="c">50670</subfield>
    <subfield code="d">50670</subfield>
  </datafield>
  <datafield tag="952" ind1=" " ind2=" ">
    <subfield code="0">0</subfield>
    <subfield code="1">0</subfield>
    <subfield code="2">udc</subfield>
    <subfield code="4">0</subfield>
    <subfield code="7">1</subfield>
    <subfield code="9">81811</subfield>
    <subfield code="a">BC</subfield>
    <subfield code="b">BC</subfield>
    <subfield code="d">2024-09-06</subfield>
    <subfield code="e">don de l'auteur</subfield>
    <subfield code="l">0</subfield>
    <subfield code="o">R.336.142.232.NIY.</subfield>
    <subfield code="p">5010000595296</subfield>
    <subfield code="r">2024-09-06</subfield>
    <subfield code="t">1</subfield>
    <subfield code="w">2024-09-06</subfield>
    <subfield code="y">MEM</subfield>
    <subfield code="i">240574</subfield>
  </datafield>
</record>
